Petit Bac (Géographie) - Lettre V - Statistiques

Statistiques générales
  • Ce quiz a été pris 370 fois
  • Le résultat moyen est 8 sur 12
Statistiques - réponses
Hint Réponse % Correct
Pays Viêt Nam / Venezuela / Vatican / Vanuatu
99%
Département français Vosges / Vendée / Vienne / Val-de-Marne / Var +2
95%
Capitale Vienne / Victoria / Varsovie / Vientiane / Vilnius +4
94%
États des États-Unis Vermont / Virginie / Virginie Occidentale
81%
Ville dans l'Union Européenne de plus de 100 000 habitants (hors capitale) Valence / Venise / Vérone / Vicence / Villeurbanne +8
77%
Fleuve Volga / Var / Vilaine / Vaigai / Volta / Viroin +24
76%
Ville canadienne de plus de 50 000 habitants Vancouver / Vaughan / Victoria
67%
Préfecture Valence / Versailles / Vannes / Vesoul
66%
Sous-préfecture Vichy / Vienne / Valenciennes / Vendôme / Verdun / Vierzon +8
54%
Ville russe de plus de 300 000 habitants Volgograd / Voronej / Vladikavkaz / Vladimir / Vladivostok +2
50%
Espace vert de Paris Parc de la Villette / Bois de Vincennes / Square Violet / Jardin de Vitaly +5
45%
Canton suisse Vaud / Valais
40%
Aucun quiz correspondant
Distribution des résultats
% des personnes avec chaque résultat
Percentile par nombre de réponses
Votre historique - résultats
Vous n’avez pas pris ce quiz